| 000 | 00687cam a22001818a 4500 | ||
|---|---|---|---|
| 020 | _a9781933392905 | ||
| 020 | _a1933392908 | ||
| 040 | _cDLC | ||
| 082 | 0 | 0 | _a658 ILL 2002 C150 Or. |
| 100 | 1 | _aPollard, Dave, | |
| 245 | 1 | 0 |
_aFinding the sweet spot : _bthe natural entrepreneur's guide to responsible, sustainable, joyful work / |
| 300 |
_axiv, 208 pages : _billustrations ; _c23 cm. |
||
| 500 | _a"A guide to finding where your gifts, passions, and purpose intersect"--Cover. | ||
| 650 | 0 | _aEntrepreneurship | |
| 856 | 4 | 2 | _uhttp://www.loc.gov/catdir/enhancements/fy0834/2008017907-b.html |
| 856 | 4 | 2 | _uhttp://www.loc.gov/catdir/enhancements/fy0834/2008017907-d.html |
| 942 | _cAEDBB | ||
| 999 |
_c18675 _d18675 |
||